Ekologický postup - najekonomickejší Dr. George J. Hyfantis z USA predpokladá nárast podnikania v oblasti životného prostredia

Zlepšovanie životného prostredia vzhľadom na finančné a technologické možnosti. Ocenenie programu odpadového hospodárstva Ministerstva pre životné prostredie SR. Ekonomický aspekt odstraňovania skládok odpadu, stratégia pri jeho tvorbe. Efektívnosť a náklady. Moderné technológie (bezodpadové).

Na minha lista:
Detalhes bibliográficos
Autor principal: Hyfantis, G.J
Outros Autores: Holub, M.
Formato: Capítulo de Livro
Idioma:eslovaco
Assuntos:
Tags: Adicionar Tag
Sem tags, seja o primeiro a adicionar uma tag!

MARC

LEADER 00000naa a2200000 4500
001 r016005
005 20221213113346.7
041 0 |a slo 
044 |a SK 
245 1 0 |a Ekologický postup - najekonomickejší  |b Dr. George J. Hyfantis z USA predpokladá nárast podnikania v oblasti životného prostredia  |c G.J. Hyfantis, M. Holub 
520 |a Zlepšovanie životného prostredia vzhľadom na finančné a technologické možnosti. Ocenenie programu odpadového hospodárstva Ministerstva pre životné prostredie SR. Ekonomický aspekt odstraňovania skládok odpadu, stratégia pri jeho tvorbe. Efektívnosť a náklady. Moderné technológie (bezodpadové). 
610 2 0 |a ekológia 
610 2 0 |a technológie bezodpadové 
610 2 0 |a prostredie životné 
610 2 0 |a využitie odpadu 
610 2 0 |a recyklácia odpadu 
610 2 0 |a odpad 
610 2 0 |a skládky odpadu 
100 1 |a Hyfantis, G.J. 
700 1 |a Holub, M.